Intersections: (Record no. 13012)

000 -LEADER
fixed length control field 00660nam a2200205 a 4500
001 - CONTROL NUMBER
control field :::00010830$&:&@@
003 - CONTROL NUMBER IDENTIFIER
control field OkBaRHE
005 - DATE AND TIME OF LATEST TRANSACTION
control field 20000607103402.0
008 - FIXED-LENGTH DATA ELEMENTS--GENERAL INFORMATION
fixed length control field s1979 j 000 0 eng u
020 ## - INTERNATIONAL STANDARD BOOK NUMBER
International Standard Book Number 0849901278
040 ## - CATALOGING SOURCE
Transcribing agency
100 1# - MAIN ENTRY--PERSONAL NAME
Personal name Ortlund, Raymond C.
245 10 - TITLE STATEMENT
Title Intersections:
Remainder of title with Christ at the crossroads of life.
260 ## - PUBLICATION, DISTRIBUTION, ETC. (IMPRINT)
Place of publication, distribution, etc Waco, TX., :
Name of publisher, distributor, etc Word Books
Date of publication, distribution, etc c1979
300 ## - PHYSICAL DESCRIPTION
Extent 151 p. ;
Dimensions 23 cm.
650 ## - SUBJECT ADDED ENTRY--TOPICAL TERM
Topical term or geographic name as entry element Christian Life
General subdivision Congregational Authors
650 ## - SUBJECT ADDED ENTRY--TOPICAL TERM
Topical term or geographic name as entry element Jesus Christ
General subdivision Person and Offices
942 ## - ADDED ENTRY ELEMENTS (KOHA)
Source of classification or shelving scheme
Koha item type Books
Copies
Full call number Koha item type Source of classification or shelving scheme Shelving location Permanent Location Damaged status Not for loan Copy number Date last seen Withdrawn status Lost status Date acquired Price effective from Barcode
BV 4501.2 .O728Books General StacksRHEMA Bible Training College  12010-04-14  2010-04-142010-04-1410830